Statistics for Guess the Koenigsegg and Bugatti spec

Click here to take the quiz!

General Stats

  • This quiz has been taken 15 times
  • The average score is 5 of 12

Answer Stats

Answer% Correct
Jesko Absolut
92%
Chiron Hermes
58%
Agera Naraya
50%
Agera Thor
50%
Agera Vader
50%
Veyron L'or blanc
42%
Jesko Odin
33%
Jesko China Dragon
25%
Jesko Naraya
25%
Jesko Hydra
17%
Chiron Joyau
8%
Jesko Komet
8%

Score Distribution

Percentile by Number Answered

Percent of People with Each Score

Your Score History

You have not taken this quiz